Polymeric Materials Science and Engineering. Volume 49.
Gespeichert in:
| Vorheriger Titel: | Polymeric materials |
|---|---|
| Körperschaft: | |
| Format: | Software Schriftenreihe |
| Sprache: | Englisch |
| Veröffentlicht: |
[Washington, D.C.]
Division of Polymeric Materials, Science and Engineering, American Chemical Society
1983
|
| Schlagworte: | |
| Online-Zugang: | Im OPAC anzeigen |
| Tags: |
Keine Tags, Fügen Sie das erste Tag hinzu!
|
MARC
| LEADER | 00000cas a2200000 a 4500 | ||
|---|---|---|---|
| 005 | 20260127134349.0 | ||
| 006 | m d | ||
| 007 | co cgu | ||
| 008 | 050513c20029999dcufr1 ss 1 a0eng d | ||
| 010 | |a 2003-262112 | ||
| 020 | |a 0841207704 | ||
| 035 | |a vtls008153754 | ||
| 035 | |a 13473356 | ||
| 037 | |b American Chemical Society, 1155 Sixteenth Street, NW, Washington, DC 20036 | ||
| 039 | 9 | |a 200902271039 |b mschk03 |c 200902270947 |d mschk03 |c 200505131120 |d mschk03 |y 200505131116 |z mschk03 | |
| 040 | |a STUSCHK1 |b slo |c STUSCHK1 | ||
| 042 | |a lc |a nsdp | ||
| 082 | 0 | |a 668.9/05 |2 19 | |
| 110 | 2 | |a American Chemical Society. |b Division of Polymeric Materials: Science and Engineering. |b Meeting. | |
| 222 | 0 | |a PMSE preprints | |
| 245 | 1 | 0 | |a Polymeric Materials Science and Engineering. Volume 49. |
| 246 | 2 | |a Polymer Materials, Science and Engineering preprints. Volume 49. | |
| 246 | 1 | 7 | |a Polymer materials, science and engineering |
| 260 | |a [Washington, D.C.] |b Division of Polymeric Materials, Science and Engineering, American Chemical Society |c 1983 | ||
| 362 | 0 | |a Vol. 49 | |
| 500 | |a Title from disc label. | ||
| 500 | |a Latest issue consulted: Vol. 49 (fall 1983). | ||
| 515 | |a Disc label for 49 (fall 1983) | ||
| 538 | |a System requirements: Macintosh; Windows 95 or later. | ||
| 580 | |a Continues print version: Polymeric materials. | ||
| 650 | 0 | |a Protective coatings |v Congresses. | |
| 650 | 0 | |a Plastic coatings |v Congresses. | |
| 650 | 0 | |a Polymers |v Congresses. | |
| 780 | 1 | 0 | |a Polymeric materials |x 0743-0515 |w (DLC) 85648114 |w (OCoLC)9843285 |
| 906 | |a 7 |b cbc |c serials |d 2 |e ncip |f 20 |g n-oclcserc | ||
| 910 | |a SCHK95 | ||
| 919 | |a 0-8412-0770-4 | ||
| 925 | 0 | |a Acquire |b 1 shelf copy |x policy default 2004-02-20 | |
| 955 | |k df29 2004-05-28 to NSDP cat. tech. |g dd95 2004-06-22 to MRC | ||
| 999 | |c 10922 |d 10922 | ||